Industrial control circuits / (Record no. 545676)
[ view plain ]
| 000 -LEADER | |
|---|---|
| fixed length control field | 00393nam a22001337a 4500 |
| 082 ## - DEWEY DECIMAL CLASSIFICATION NUMBER | |
| Classification number | 621.3815 |
| Author Mark | PLA |
| -- | L-11, P-11 |
| 100 ## - MAIN ENTRY--PERSONAL NAME | |
| Personal name | Platt, k sidney. |
| 9 (RLIN) | 41616 |
| 245 ## - TITLE STATEMENT | |
| Title | Industrial control circuits / |
| Statement of responsibility, etc. | K Sidney Platt. |
| 260 ## - PUBLICATION, DISTRIBUTION, ETC. | |
| Place of publication, distribution, etc. | New York : |
| Name of publisher, distributor, etc. | John F. Rider Publisher, Inc. |
| Date of publication, distribution, etc. | c1963. |
| 300 ## - PHYSICAL DESCRIPTION | |
| Extent | v 193 p. : |
| 526 ## - STUDY PROGRAM INFORMATION NOTE | |
| Program name | 0 |
| Interest level | 0 |
| Reading level | 0 |
| Title point value | 621_381500000000000_PLA |
| 650 ## - SUBJECT ADDED ENTRY--TOPICAL TERM | |
| Topical term or geographic name entry element | MCE |
| 9 (RLIN) | 379 |
| 942 ## - ADDED ENTRY ELEMENTS (KOHA) | |
| Source of classification or shelving scheme | |
| Koha item type | Book |
| Withdrawn status | Lost status | Source of classification or shelving scheme | Damaged status | Not for loan | Permanent Location | Current Location | Date acquired | Total Checkouts | Full call number | Barcode | Date last seen | Price effective from | Koha item type |
|---|---|---|---|---|---|---|---|---|---|---|---|---|---|
| Military College of Engineering (MCE) | Military College of Engineering (MCE) | 05/27/2014 | 621.3815 PLA | MCE-2272 | 05/27/2014 | 05/27/2014 | Book |
